|
|
|
|
| LEADER |
00000cam a2200000 a 4500 |
| 001 |
vtls008690422 |
| 003 |
SK-MaSNL |
| 005 |
20260302020237.0 |
| 008 |
240315s2006 xo bl d p 000 0 slo |
| 015 |
|
|
|a SNBA2006/04-02051
|
| 020 |
|
|
|a 8080734798
|q (brož.)
|
| 035 |
|
|
|a 3C1EFE8F-E4D5-4884-BC99-E7E1DAA2327F
|
| 035 |
|
|
|a urn:nbn:sk:snk-amjuqi
|
| 035 |
|
|
|a urn:nbn:sk:snk-am00579z
|
| 040 |
|
|
|a SNK
|b slo
|c SNK
|e AACR2
|
| 041 |
0 |
|
|a slo
|
| 044 |
|
|
|a xo
|c SK
|
| 072 |
|
7 |
|a 528
|x Geodézia. Kartografia
|2 konspekt
|
| 072 |
|
7 |
|a 37.016
|x Učebné osnovy. Vyučovacie predmety. Učebnice
|2 konspekt
|
| 080 |
|
|
|a (075.8)
|2 2001
|
| 080 |
|
|
|a 528.425
|2 2001
|
| 100 |
1 |
|
|a Hurčíková, Viera,
|d 1975-
|4 aut
|9 40701
|
| 245 |
1 |
0 |
|a Topografia
|c Viera Hurčíková
|
| 250 |
|
|
|a 1. vyd.
|
| 260 |
|
|
|a V Košiciach
|b Technická univerzita
|c 2006
|
| 300 |
|
|
|a 94 s.
|b mp., sch., tab.
|c 29 cm
|
| 366 |
|
|
|e 50 výtl.
|
| 504 |
|
|
|a Literatúra na s. 94
|
| 650 |
0 |
7 |
|a topografia
|2 SNKPH
|9 30645
|
| 650 |
0 |
7 |
|a Topography
|2 SNKPHeng
|9 329096
|
| 655 |
|
7 |
|a učebnice vysokých škôl
|2 SNKPH
|9 70191
|
| 655 |
|
7 |
|a Textbooks (higher)
|2 SNKPHeng
|9 276436
|
| 710 |
2 |
|
|a Technická univerzita v Košiciach.
|b Fakulta baníctva, ekológie, riadenia a geotechnológií
|4 pbl
|9 34908
|
| 852 |
|
|
|a Štátna vedecká knižnica v Banskej Bystrici
|
| 919 |
|
|
|a 80-8073-479-8
|
| 999 |
|
|
|c 1024375
|d 1026305
|
| 952 |
|
|
|a SNK
|b SNK
|y PREZ
|7 0
|p 17A0505990
|o snkSB 72100
|i snk2006/7558
|8 0
|0 0
|1 0
|4 0
|d 2006-04-12
|l 0
|r 2025-04-25 00:00:00
|w 2026-02-24
|
| 952 |
|
|
|a SNK
|b SNK
|y VYP
|7 0
|p 17A0505991
|o snkSB 72100 D1
|i snk2006/7560
|8 0
|0 0
|1 0
|4 0
|d 2006-04-12
|l 0
|r 2016-06-30 00:00:00
|w 2026-02-24
|